00439cam a2200169ua 45000010005000000080039000050400009000440820008000531000022000612450045000832500009001282600042001373000017001796530013001966530025002097000035002343588111121n ii |||gr||||Z||||||asm cMAIN a823 aDumer, Alexender,11aCount of montricristcby Alexender dumar a1st. aDibrugarh:bPurbanchal Prakashan,971. a136p:c23cm. aAssamese aCount of montricrist aSabha Pandit, Tarun ,eEditor.